000 00364pab a2200133 454500
008 180718b2015 xxu||||| |||| 00| 0 eng d
100 _aManzano, Pablo
245 _aPastoralist ownership of rural transformation: the adequate path to change
260 _c2015
300 _ap.326-332.
650 _aRural development
773 _aDevelopment
909 _a114690
999 _c114684
_d114684